Tous les clubs allemands ayant participés à la C2 - Statistiques

Statistiques générales
  • Ce quiz a été pris 24 fois
  • Le résultat moyen est 15 sur 31
Statistiques - réponses
Première participation Dernière participation Nombres de participations Clubs % Correct
1966-67 1984-85 5 Bayern Munich
96%
1965-66 1989-90 3 Dortmund
96%
1986-87 1997-98 2 Stuttgart
87%
1968-69 1968-69 1 Union Berlin
87%
1974-75 1988-89 4 Eintracht Francfort
83%
1961-62 1994-95 4 Werder Brême
83%
1966-67 1966-67 1 Chemie Leipzig
78%
1993-94 1993-94 1 Leverkusen
78%
1977-78 1987-88 4 Lokomotive Leipzig
78%
1969-70 1972-73 2 Schalke
78%
1976-77 1976-77 1 VFB Leipzig
78%
1963-64 1987-88 5 Hambourg
74%
1968-69 1983-84 3 Cologne
70%
1960-61 1995-96 3 Mönchengladbach
65%
1960-61 1970-71 2 FC Francfort
57%
1964-65 1964-65 1 Munich 1860
57%
1992-93 1992-93 1 Hannovre
52%
1962-63 1962-63 1 Nuremberg
52%
1982-83 1985-86 3 Dynamo Dresde
39%
1990-91 1996-97 2 Kaiserslautern
35%
1978-79 1980-81 3 Fortuna Düsseldorf
30%
1964-65 1983-84 7 Magdebourg
30%
1961-62 1988-89 5 Carl Zeiss Jena
22%
1998-99 1998-99 1 MSV Duisbourg
13%
1971-72 1989-90 2 BFC Dynamo
9%
1970-71 7970-71 1 Kickers Offenbach
9%
1985-86 1985-86 1 Uerdingen
9%
1963-64 1975-76 3 Zwickau
4%
1962-63 1962-63 1 Hallescher
0%
1990-91 1990-91 1 Mecklenburg Schwerin
0%
1991-92 1991-92 1 Stahl Eisenhüttenstadt
0%
Aucun quiz correspondant
Distribution des résultats
% des personnes avec chaque résultat
Percentile par nombre de réponses
Votre historique - résultats
Vous n’avez pas pris ce quiz